000 00868nam a2200265 a 4500
001 50630
003 BD-RjUL
005 20211209075535.0
008 160828s1968 riu b 000 0 eng d
035 _a(BD-RjUL)50750
040 _aKNM
_cKNM
_dOCL
_dUBA
_dBD-RjUL
_beng
041 _aeng
082 _223
_a512.4
_bJAS 1968
100 1 _aJacobson, Nathan,
_d1910-1999.
_9151606
245 1 0 _aStructure of rings /
_cNathan Jacobson
250 _a[Rev. ed.]
260 _aProvidence :
_bAmerican Mathematical Society,
_c1968
300 _aix, 299 p.
_c26 cm.
490 1 _aAmerican Mathematical Society Colloquium publications ;
_vV. 37
504 _aIncludes Bibliography and Index
650 0 _aRings (Algebra)
_9151607
650 7 _aAlgebra
_2larpcal
_9151608
830 0 _aAmerican Mathematical Society Colloquium publications ;
_vv. 37.
_9151609
942 _2ddc
_cBK
999 _c50630
_d50630